Základy algoritmizace
Salvato in:
| Autore principale: | |
|---|---|
| Ente Autore: | |
| Altri autori: | |
| Natura: | Libro |
| Lingua: | ceco |
| Pubblicazione: |
Praha
Státní pedagogické nakladatelství
1984
|
| Tags: |
Nessun Tag, puoi essere il primo ad aggiungerne!!
|
MARC
| LEADER | 00000nam a2200000 4500 | ||
|---|---|---|---|
| 001 | c107188 | ||
| 005 | 20190204092336.8 | ||
| 041 | 0 | |a cze | |
| 044 | |a CZ | ||
| 245 | 1 | 0 | |a Základy algoritmizace |c Eduard Ježovicz, Josef Laga |
| 264 | 1 | |a Praha |b Státní pedagogické nakladatelství |c 1984 | |
| 300 | |a 147 s. | ||
| 100 | 1 | |a Ježowicz, Eduard | |
| 700 | 1 | |a Laga, Josef | |
| 710 | 2 | |a Vysoká škola ekonomická v Praze. Fakulta řízení | |